000 00933nam a2200205 i 4500
001 C00045998c
005 20241029145707.0
008 021104s1763 sp a 000 0 spa d
080 _a783.651.2(460)"17"
245 0 0 _aVILLANCICOS, QUE SE HAN DE CANTAR LA NOCHE DE NAVIDAD EN LA IGLESIA DEL IMPERIAL REAL COLEGIO DE LA COMPAÑIA DE JESUS DE ESTA CORTE, EN ESTE AñO DE M.DCC.LXIII.
260 _aCon licencia en Madrid :
_ben la Imprenta de la Viuda de Manuel Fernandez,
_c1763.
300 _a12 p. :
_bil. ;
_c21 cm.
500 _aEn anteportada ms. a tinta: 1. Antebª 6-3 nº 4 -- 2. Belmonte y octubre 27 de 1767 -- 3. Memandó encuadernar su dueño Jacinto Hernández -- 4. Perteneció este libro al insigne Maestro Eslava 1879.
500 _aEnc. en perg.
500 _aEnc. con otras obras.
650 1 4 _aVillancicos (Música)-
_zEspaña-
_yS. XVIII.
_993872
852 4 2 _jA-1737
999 _c44993
_d44993